[Event "Leipzig VfB op 12th"]
[Site "Leipzig"]
[Date "2005.03.02"]
[Round "2"]
[White "Gempe, Thomas"]
[Black "Kripfganz, Sebastian"]
[Result "1-0"]
[WhiteElo "2240"]
[BlackElo "2047"]
[PlyCount "49"]
[EventDate "2005.01.03"]
[EventType "swiss"]
[EventRounds "9"]
[EventCountry "GER"]
[SourceTitle "EXT 2008"]
[Source "ChessBase"]
[SourceDate "2007.11.25"]
[SourceVersion "1"]
[SourceVersionDate "2007.11.25"]
[SourceQuality "1"]

1. e4 c5 2. Nf3 Nc6 3. d4 cxd4 4. Nxd4 Nf6 5. Nc3 d6 6. Bg5 e6 7. Qd2 Be7 8. 0-0-0 0-0 9. f3 Nxd4 10. Qxd4 Qa5 11. h4 a6 12. Kb1 b5 13. Qd2 b4 14. Ne2 Rb8 15. Nd4 Qc7 16. g4 Bb7 17. Bd3 a5 18. Be3 Nd7 19. Bg5 Nb6 20. Be2 d5 21. Nb5 Bxg5 22. hxg5 Qe7 23. e5 f6 24. Bd3 f5 25. Rxh7 1-0

[Event "Leipzig VfB op 12th"]
[Site "Leipzig"]
[Date "2005.03.02"]
[Round "3"]
[White "Kripfganz, Sebastian"]
[Black "Kielstein, Hans"]
[Result "1/2-1/2"]
[WhiteElo "2047"]
[BlackElo "1844"]
[PlyCount "159"]
[EventDate "2005.01.03"]
[EventType "swiss"]
[EventRounds "9"]
[EventCountry "GER"]
[SourceTitle "EXT 2008"]
[Source "ChessBase"]
[SourceDate "2007.11.25"]
[SourceVersion "1"]
[SourceVersionDate "2007.11.25"]
[SourceQuality "1"]

1. c4 Nf6 2. g3 g6 3. Bg2 Bg7 4. Nf3 d6 5. Nc3 0-0 6. 0-0 e5 7. d3 Nc6 8. Rb1 Rb8 9. b4 Be6 10. a4 Qd7 11. b5 Nd4 12. Ng5 h6 13. Nxe6 Nxe6 14. e3 Nh7 15. Bb2 f5 16. f4 exf4 17. exf4 c6 18. Kh1 Rfe8 19. Re1 Nf6 20. Qd2 Nd4 21. h3 Rxe1+ 22. Rxe1 Re8 23. Nd1 Rxe1+ 24. Qxe1 Ne8 25. Qe3 c5 26. Nc3 Kf8 27. Nd5 b6 28. Bc3 Ne6 29. Bxg7+ Kxg7 30. Qe1 Nf6 31. a5 bxa5 32. Qxa5 Nxd5 33. Bxd5 Nd4 34. Kg2 Qe7 35. Qd2 Qe2+ 36. Qxe2 Nxe2 37. Kf2 Nd4 38. Ke3 Kf6 39. Bb7 g5 40. Bd5 Nc2+ 41. Kd2 Nd4 42. fxg5+ Kxg5 43. Ke3 Nc2+ 44. Kd2 Nd4 45. Bc6 f4 46. gxf4+ Kxf4 47. Kc3 h5 48. Bd7 h4 49. Kb2 Ke3 50. Kc3 Ne2+ 51. Kc2 Kd4 52. Kd2 Nc3 53. Be6 Na2 54. Bf5 Nb4 55. Be4 d5 56. cxd5 Nxd5 57. Bxd5 Kxd5 58. Kc3 Ke5 59. Kc4 Kd6 60. d4 cxd4 61. Kxd4 Kc7 62. Kc5 Kb7 63. Kc4 Kc7 64. Kb4 Kb6 65. Ka4 Kc5 66. Ka5 Kc4 67. Ka4 Kd3 68. Kb4 Kd4 69. Ka5 Kc3 70. Ka4 Kc4 71. Ka5 Kb3 72. Ka6 Kb4 73. b6 axb6 74. Kxb6 Kc4 75. Kc6 Kd4 76. Kd6 Ke4 77. Ke6 Kf4 78. Kd5 Kg3 79. Ke4 Kxh3 80. Kf3 1/2-1/2

[Event "Leipzig VfB op 11th"]
[Site "Leipzig"]
[Date "2004.03.21"]
[Round "9"]
[White "Collini, Carsten"]
[Black "Kripfganz, Sebastian"]
[Result "1-0"]
[WhiteElo "2178"]
[BlackElo "1793"]
[PlyCount "127"]
[EventDate "2004.03.16"]
[EventType "swiss"]
[EventRounds "9"]
[EventCountry "GER"]
[SourceTitle "EXT 2007"]
[Source "ChessBase"]
[SourceDate "2006.11.23"]
[SourceVersion "1"]
[SourceVersionDate "2006.11.23"]
[SourceQuality "1"]

1. e4 c5 2. Nf3 Nc6 3. Nc3 d6 4. Bb5 Bd7 5. Bxc6 Bxc6 6. d4 cxd4 7. Qxd4 e5 8. Qd3 Qc7 9. 0-0 Be7 10. a4 Nf6 11. Bg5 0-0 12. Rfe1 h6 13. Bxf6 Bxf6 14. Re2 Rad8 15. Nd2 b6 16. Nc4 Be7 17. Ne3 Rd7 18. Nf5 Kh8 19. Rd1 Rfd8 20. Nd5 Bxd5 21. Qxd5 Bf8 22. Rd3 Qb7 23. Qxb7 Rxb7 24. Red2 Rbd7 25. c4 g6 26. Ne3 Rc7 27. b3 f6 28. Nd5 Rf7 29. f3 Kg7 30. Ra2 Rb7 31. Kf1 Rc8 32. Ke2 Kf7 33. Nc3 Ke6 34. Rd5 a6 35. g3 Rbc7 36. Kd3 Rc5 37. a5 R5c6 38. axb6 Rxb6 39. Kc2 Rcb8 40. Ra3 Be7 41. Rda5 f5 42. Rxa6 fxe4 43. Rxb6 Rxb6 44. fxe4 Rb7 45. Nd5 Bf8 46. Ra8 Rf7 47. Kd3 h5 48. Ke2 Bh6 49. Rg8 Bg7 50. Re8+ Kd7 51. Ra8 Kc6 52. b4 Rd7 53. Ra6+ Kb7 54. b5 g5 55. Nb4 h4 56. Nc6 Rc7 57. Ra7+ Kb6 58. Rxc7 Kxc7 59. g4 Bf6 60. Kd3 Kb7 61. Kc3 Kb6 62. Kb4 h3 63. Kc3 Kc5 64. Nb8 1-0

[Event "Leipzig VfB op 11th"]
[Site "Leipzig"]
[Date "2004.03.18"]
[Round "4"]
[White "Kripfganz, Sebastian"]
[Black "Wiedemann, Joachim"]
[Result "1/2-1/2"]
[WhiteElo "1793"]
[BlackElo "1527"]
[PlyCount "42"]
[EventDate "2004.03.16"]
[EventType "swiss"]
[EventRounds "9"]
[EventCountry "GER"]
[SourceTitle "EXT 2007"]
[Source "ChessBase"]
[SourceDate "2006.11.23"]
[SourceVersion "1"]
[SourceVersionDate "2006.11.23"]
[SourceQuality "1"]

1. c4 e5 2. Nc3 Nf6 3. g3 d5 4. cxd5 Nxd5 5. Bg2 Nb6 6. Nf3 Bd6 7. 0-0 0-0 8. b3 h6 9. Bb2 Re8 10. Qc2 N8d7 11. d4 exd4 12. Nxd4 Nf6 13. Rad1 a6 14. Ne4 Nxe4 15. Bxe4 Qe7 16. Bh7+ Kf8 17. Bd3 Be5 18. Rc1 c6 19. Rfe1 Kg8 20. Bh7+ Kh8 21. Nf5 Qf6 1/2-1/2

[Event "Rostock  PSV op 03rd"]
[Site "Rostock"]
[Date "2003.08.30"]
[Round "5"]
[White "Glebow, Roman"]
[Black "Kripfganz, Sebastian"]
[Result "0-1"]
[WhiteElo "1498"]
[BlackElo "1764"]
[PlyCount "78"]
[EventDate "2003.08.28"]
[EventType "swiss"]
[EventRounds "7"]
[EventCountry "GER"]
[SourceTitle "EXT 2009"]
[Source "ChessBase"]
[SourceDate "2008.11.26"]
[SourceVersion "1"]
[SourceVersionDate "2008.11.26"]
[SourceQuality "1"]

1. e4 c5 2. Nf3 Nc6 3. d4 cxd4 4. Nxd4 Nf6 5. Nc3 d6 6. f3 e6 7. Be3 Be7 8. Be2 0-0 9. 0-0 a6 10. Qd2 Qc7 11. f4 Rd8 12. Qe1 Nxd4 13. Bxd4 e5 14. Be3 d5 15. exd5 exf4 16. Rxf4 Nxd5 17. Nxd5 Rxd5 18. c4 Re5 19. Qf2 Be6 20. Bb6 Qxb6 21. Qxb6 Bc5+ 22. Qxc5 Rxc5 23. Rd1 Kf8 24. b3 Ke7 25. Bf3 Rb8 26. a4 a5 27. Rfd4 g5 28. Bd5 Bf5 29. Be4 Bg4 30. Bf3 Bxf3 31. gxf3 h6 32. Rd7+ Kf6 33. R1d6+ Ke5 34. Rxh6 f6 35. Rhh7 b6 36. Rhe7+ Kf4 37. Kf2 Rh8 38. Re4+ Kf5 39. Kg3 Rc6 0-1

[Event "Rostock  PSV op 03rd"]
[Site "Rostock"]
[Date "2003.08.29"]
[Round "3"]
[White "Schinke, Andreas"]
[Black "Kripfganz, Sebastian"]
[Result "1-0"]
[WhiteElo "2072"]
[BlackElo "1764"]
[PlyCount "35"]
[EventDate "2003.08.28"]
[EventType "swiss"]
[EventRounds "7"]
[EventCountry "GER"]
[SourceTitle "EXT 2009"]
[Source "ChessBase"]
[SourceDate "2008.11.26"]
[SourceVersion "1"]
[SourceVersionDate "2008.11.26"]
[SourceQuality "1"]

1. e4 c5 2. c3 e6 3. d4 cxd4 4. cxd4 d5 5. e5 Bd7 6. Nf3 Qb6 7. Nc3 Bb4 8. Bd2 Ne7 9. Bd3 0-0 10. Bxh7+ Kxh7 11. Ng5+ Kg8 12. Qh5 Re8 13. Qh7+ Kf8 14. Qh8+ Ng8 15. Nh7+ Ke7 16. Bg5+ f6 17. Qxg7+ Kd8 18. exf6 1-0

[Event "Leipzig VfB op 09th"]
[Site "Leipzig"]
[Date "2002.03.09"]
[Round "8"]
[White "Huelle, Gunter"]
[Black "Kripfganz, Sebastian"]
[Result "1/2-1/2"]
[WhiteElo "1462"]
[BlackElo "1597"]
[PlyCount "46"]
[EventDate "2002.03.05"]
[EventType "swiss"]
[EventRounds "9"]
[EventCountry "GER"]
[SourceTitle "EXT 2007"]
[Source "ChessBase"]
[SourceDate "2006.11.23"]
[SourceVersion "1"]
[SourceVersionDate "2006.11.23"]
[SourceQuality "1"]

1. b4 c6 2. c4 d5 3. c5 Bf5 4. Bb2 Nd7 5. d4 Ngf6 6. a4 e6 7. e3 Ne4 8. Nf3 Ndf6 9. Ne5 h5 10. f3 Ng5 11. h4 Ngh7 12. Bd3 g5 13. hxg5 Nxg5 14. g4 Bxd3 15. Qxd3 Nxf3+ 16. Nxf3 Nxg4 17. Nc3 Qf6 18. Qe2 Qg6 19. Nh4 Qg8 20. Nd1 f5 21. Nf2 Be7 22. Nf3 h4 23. Nh3 Bf6 1/2-1/2

[Event "Leipzig VfB op 09th"]
[Site "Leipzig"]
[Date "2002.03.06"]
[Round "3"]
[White "Kripfganz, Sebastian"]
[Black "Natsidis, Christoph"]
[Result "1-0"]
[WhiteElo "1597"]
[BlackElo "1416"]
[PlyCount "53"]
[EventDate "2002.03.05"]
[EventType "swiss"]
[EventRounds "9"]
[EventCountry "GER"]
[SourceTitle "EXT 2007"]
[Source "ChessBase"]
[SourceDate "2006.11.23"]
[SourceVersion "1"]
[SourceVersionDate "2006.11.23"]
[SourceQuality "1"]

1. c4 Nf6 2. Nc3 g6 3. d4 Bg7 4. e4 d6 5. f4 c5 6. dxc5 dxc5 7. Qxd8+ Kxd8 8. Be3 Nfd7 9. e5 Nc6 10. 0-0-0 b6 11. g3 Bb7 12. Bg2 a6 13. Nf3 e6 14. Ng5 Rf8 15. Nxh7 Rg8 16. Ne4 Ncb8 17. Nhg5 Rf8 18. Rd2 Kc7 19. Nd6 Bxg2 20. Rxg2 Bxe5 21. fxe5 Nxe5 22. Rd2 Nbd7 23. Bf4 Kc6 24. Re1 f6 25. Nxe6 Nf3 26. Nxf8 Nxe1 27. Nxg6 1-0